Voľný pohyb osôb v Európskej únii

Medzinárodný pohyb pracovných síl predstavuje významný fenomén súčasnej svetovej ekonomiky. Medzinárodná migrácia v rámci EÚ predstavuje jednu zo štyroch slobôd - jeden zo štyroch ideálov ekonomickej integrácie. Demografický vývoj v EÚ. Nové členské štáty EÚ a migrácia v rámci EÚ, staré členské štát...

Descripción completa

Guardado en:
Detalles Bibliográficos
Autor principal: Lipková, Ľudmila
Formato: Capítulo de libro
Lenguaje:eslovaco
Materias:
Etiquetas: Agregar Etiqueta
Sin Etiquetas, Sea el primero en etiquetar este registro!

MARC

LEADER 00000naa$a2200000$$$4500
001 0053024
005 20240502071618.3
041 0 |a slo 
044 |a SK 
245 1 0 |a Voľný pohyb osôb v Európskej únii  |c Ľudmila Lipková 
520 |a Medzinárodný pohyb pracovných síl predstavuje významný fenomén súčasnej svetovej ekonomiky. Medzinárodná migrácia v rámci EÚ predstavuje jednu zo štyroch slobôd - jeden zo štyroch ideálov ekonomickej integrácie. Demografický vývoj v EÚ. Nové členské štáty EÚ a migrácia v rámci EÚ, staré členské štáty a migrácia v EÚ. Ochrana trhu práce najmä v bohatších štátoch únie a snaha chudobnejších štátov únie o otvorenie trhu práce pre ich občanov vo všetkých členských štátoch. Situácia na otvorených trhoch práce po roku 2004. Rok 2006 - rok mobility pracovníkov v EÚ. 
610 2 0 |a Európska únia 
610 2 0 |a migrácia 
610 2 0 |a pohyb síl pracovných 
610 2 0 |a pohyb síl pracovných medzinárodný 
610 2 0 |a trh práce 
100 1 |a Lipková, Ľudmila